L'enseignement agricole et vétérinaire de la Révolution à la Libération : (Record no. 16004)

000 -LEADER
fixed length control field 00660nam a2200181 a 4500
020 ## - INTERNATIONAL STANDARD BOOK NUMBER
ISBN 2859442022 (Sorbonne)
040 ## - CATALOGING SOURCE
Transcribing agency DLC
082 00 - DEWEY DECIMAL CLASSIFICATION NUMBER
Classification number 630 INS 1992 A090 Or.
245 02 - TITLE STATEMENT
Title L'enseignement agricole et vétérinaire de la Révolution à la Libération :
Remainder of title textes officiels avec introduction, notes et annexes /
260 ## - PUBLICATION, DISTRIBUTION, ETC. (IMPRINT)
Place of publication Paris :
Name of publisher Institut national de recherche pédagogique :
-- Publications de la Sorbonne,
Year of publication 1992.
300 ## - PHYSICAL DESCRIPTION
Number of Pages cxlv, 745 p. :
Other physical details ill. ;
Dimensions 24 cm.
650 #0 - SUBJECT ADDED ENTRY--TOPICAL TERM
Topical Term Agricultural education
650 #0 - SUBJECT ADDED ENTRY--TOPICAL TERM
Topical Term Veterinary medicine
700 1# - ADDED ENTRY--PERSONAL NAME
Personal name Charmasson, Thérèse.
700 1# - ADDED ENTRY--PERSONAL NAME
Personal name Lelorrain, Anne-Marie.
700 1# - ADDED ENTRY--PERSONAL NAME
Personal name Ripa, Yannick.
942 ## - ADDED ENTRY ELEMENTS (KOHA)
Koha item type សៀវភៅភាសាបារាំង
952 ## - LOCATION AND ITEM INFORMATION (KOHA)
Withdrawn status [LOCAL, KOHA] 0
Holdings
Permanent Location Date acquired Koha item type Lost status Shelving location Barcode Current Location Full call number
Library Block A2017-12-25សៀវភៅភាសាបារាំង A090A13405Library Block A630 INS 1992 A090 Or.
មជ្ឈមណ្ឌលឯការនៃសាកលវិទ្យាល័យភូមិន្ទកសិកម្មចំការដូង

Powered by Koha